| 000 | 02476nam0a2200385 i 4500 | ||
|---|---|---|---|
| 001 | RU\NLR\BIBL_A\010666972 | ||
| 005 | 20260408084715.0 | ||
| 010 |
_a9785987097885 _9500 |
||
| 021 |
_aRU _b2014-92421 _95617 |
||
| 035 | _a(NILC)RuMoRGB-007834193 | ||
| 035 | _a(NLR Aleph) 010666972 | ||
| 090 |
_a9589257 _c9589257 |
||
| 100 | _a20150205d2014 k y0rusy50 ca | ||
| 101 | 0 | _arus | |
| 102 | _aRU | ||
| 105 | _aa|||z|||001yy | ||
| 200 | 1 |
_aТеоретико-методические основания моделирования и реализации образовательных практик для взрослых в государствах-участниках СНГ _dTheoretical and methodological grounds modeling and implementation educatiоnal practices for adults in the CIS states _eколлективная монография _f[Якушкина М.С., д.п.н., Илакавичус М.Р., Загривная Т.А., кандидаты пед. наук и др. _gпод общ. ред. М.С. Якушкиной] _gФедер. гос. науч. учреждение "Ин-т пед. образования и образования взрослых" Рос. акад. образования _zeng |
|
| 210 |
_aСанкт-Петербург _cЛема _d2014 |
||
| 215 |
_a195 с. _cил. _d21 |
||
| 300 | _aАвт. указаны на обороте тит. л. | ||
| 320 | _aБиблиогр.: с. 105-109 (48 назв.) и в тексте | ||
| 510 | 1 |
_aTheoretical and methodological grounds modeling and implementation educatiоnal practices for adults in the CIS states _zeng |
|
| 606 | 1 |
_aНепрерывное образование _yСтраны СНГ _92227478 _3RU\NLR\AUTH\6601569885 |
|
| 606 | 1 |
_aОбразование взрослых _yСтраны СНГ _92188112 _3RU\NLR\AUTH\6601551457 |
|
| 686 | 1 | _aЧ34(2) | |
| 686 | 1 | _aЧ444(2) | |
| 701 | 1 |
_aЯкушкина _bМ. С. _gМарина Сергеевна |
|
| 701 | 1 |
_aИлакавичус _bМ. Р. _gМарина Римантасовна |
|
| 701 | 1 |
_aЗагривная _bТ. А. _gТамара Александровна |
|
| 712 | 0 | 2 |
_4570 _aИнститут педагогического образования и образования взрослых _cСанкт-Петербург _3RU\NLR\AUTH\8810226191 _9336972 |
| 801 | 0 |
_aRU _bРГБ _c20141205 _gRCR |
|
| 942 | _cBOOK | ||
| 980 | _aNBR | ||